| 000 | 00650nam a22002177a 4500 | ||
|---|---|---|---|
| 003 | dpl | ||
| 005 | 20180725134203.0 | ||
| 008 | 180602b xxu||||| |||| 00| 0 eng d | ||
| 010 | _aB-115461 | ||
| 035 | _aB-115461 , B-115446 | ||
| 037 | _bBPPD / PUB | ||
| 040 | _c0 | ||
| 082 | 1 | 4 | _a881 |
| 100 | _aAkhtar, Javed | ||
| 245 | 1 |
_aQuiver; _cby Javed Akhtar [edited] by David Matthews _bpoems and ghazals |
|
| 260 |
_aDelhi _bHarper Collins _c2003 |
||
| 270 |
_a1 A Hamilton House, Connaught Place _bNew Delhi _e110001 |
||
| 300 |
_a251p. _c22cm (Hb) |
||
| 700 | _aMatthews, David | ||
| 942 |
_adpl _cEN _k881 / AKH _2ddc _h881 _mAKH |
||
| 999 |
_c152511 _d152511 |
||